Normal view
MARC view
- The British Commonwealth of Nations
Entry Topical Term
001 - CONTROL NUMBER
- control field: 104980
003 - CONTROL NUMBER IDENTIFIER
- control field: NUST
005 - DATE AND TIME OF LATEST TRANSACTION
- control field: 20221215141445.0
008 - FIXED-LENGTH DATA ELEMENTS
- fixed length control field: 221215|| aca||aabn | a|a d
040 ## - CATALOGING SOURCE
- Original cataloging agency: NUST
- Transcribing agency: NUST
150 ## - HEADING--TOPICAL TERM
- Topical term or geographic name entry element: The British Commonwealth of Nations
670 ## - SOURCE DATA FOUND
- Source citation: Work cat.: (NUST)184186: Jennings, Ivor, Sir, 104979, The British Commonwealth of Nations /, 1956
